Famous Matthews - Statistics

General Stats
  • This quiz has been taken 209 times
    182 since last reset
  • The average score is 7 of 25
Answer Stats
Hint Answer % Correct
Friends: Married Monica Matthew Perry
71%
Co-Oscar Best Screenplay Winner for Good Will Hunting Matt Damon
69%
Friends: How you doing? Matt LeBlanc
69%
Bueller... Bueller... Matthew Broderick
56%
Wrote a book of the Bible Matthew
51%
Creator of the Simpsons Matt Groening
49%
Oscar Winner for Dallas Buyers Club Matthew McConaughey
37%
Host of the Today Show Matt Lauer
35%
Starred in Full Metal Jacket Matthew Modine
26%
There's Something About Mary Matt Dillon
25%
Jack Shephard from Lost Matthew Fox
24%
QB for the Atlanta Falcons Matt Ryan
23%
QB for the Detroit Lions Matt Stafford
22%
Former QB for the Seattle Seahawks Matt Hasselbeck
19%
Best Known in the Scream movies Matthew Lillard
16%
One of Three Brothers from Philadelphia (Not Joey and not Andrew) Matt Lawrence
16%
Glee Matthew Morrison
15%
FBI Agent from Criminal Minds Matthew Gray Gubler
11%
Pro Baseball Player for the Los Angeles Dodgers Matt Kemp
10%
Neal Caffrey Matt Bomer
9%
Professional Wrestler Matt Hardy
9%
Irish Actor played opposite Amy Adams in Leap Year Matthew Goode
9%
Pitcher for the San Francisco Giants Matt Cain
8%
Quarterback for the Oakland Raiders (Formerly Houston Texans) Matt Schaub
8%
One-Time NASCAR Champion Matt Kenseth
7%
No matching quizzes found
Score Distribution
Percent of People with Each Score
Percentile by Number Answered
Your Score History
You have not taken this quiz since the last reset